| 000 | 01074nam a22002537a 4500 | ||
|---|---|---|---|
| 005 | 20240103142849.0 | ||
| 010 | _a1617EN ENG-116333 ENG-137110 | ||
| 020 |
_a9780199466863 _c850.00 |
||
| 035 | _aB-649979-984 EN-120642 | ||
| 035 | _aEN-99865 | ||
| 035 | _aB-664910 | ||
| 037 | _bUppal | ||
| 037 | _bDBAD/PUB | ||
| 082 | _a110 | ||
| 245 |
_aIndia and the unthinkabl: _bBackwaters collective on metaphysics and politics 1/ _cEd. by Vinay Lal and Roby Rajan |
||
| 260 |
_aNew Delhi _bOxford University Press _c2016 |
||
| 270 |
_aYMCA Library Building, 1 Jai Singh Road, _bNew Delhi _e110001 |
||
| 300 |
_axix, 228p. _c22cm(Hb) |
||
| 700 |
_dVinay Lal _960597 |
||
| 700 |
_dRoby Rajan _960598 |
||
| 942 |
_2ddc _cEN _mIND _h110 |
||
| 999 |
_c101846 _d101846 |
||